|
|
|
|
| LEADER |
00000nab a2200000 a 4500 |
| 001 |
vtls011133198 |
| 003 |
SK-MaSNL |
| 005 |
20260303150940.0 |
| 008 |
230222|1995 xo |||||||||||||||||slo| |
| 015 |
|
|
|a SNBRB
|
| 035 |
|
|
|a (uuid)d32fd960-11d8-454f-bd81-c8a165d41e74
|
| 035 |
|
|
|a (urnnbn)urn:nbn:sk:snk:ar-a09nem
|
| 035 |
|
|
|a urn:nbn:sk:snk-abaayq
|
| 040 |
|
|
|a SNKBUCL
|b slo
|c SNKBUCL
|e AACR2
|
| 041 |
0 |
|
|a slo
|
| 044 |
|
|
|a xo
|c SK
|
| 100 |
1 |
|
|a Bučka, Pavel,
|d 1957-
|4 aut
|9 412410
|
| 245 |
1 |
0 |
|a ETAPA PRÍPRAVY PROTIVZDUŠNÉHO BOJA S VYUŽITÍM VÝPOČTOVEJ TECHNIKY
|c Pavel Bučka, Ľubomíra Dubovská
|
| 700 |
1 |
|
|a Dubovská, Ľubomíra
|4 aut
|9 584747
|
| 773 |
0 |
|
|t Zborník Vojenskej akadémie Slovenského národného povstania
|g Roč. 2, č. 1 (1995), s. 28-36
|
| 954 |
|
|
|a odborná, vedecká literatúra pôvodná (slovenská)
|2 lita
|
| 958 |
|
|
|a OND
|
| 958 |
|
|
|a EUIPO
|
| 958 |
|
|
|a article13
|
| 999 |
|
|
|c 2014749
|d 2016679
|